Tabla de contenidos: volumen 48, 1990
Gespeichert in:
| Format: | Buch |
|---|---|
| Sprache: | Spanish |
| Tags: |
Tag hinzufügen
Keine Tags, Fügen Sie den ersten Tag hinzu!
|
MARC
| LEADER | 00000nam a22000007a 4500 | ||
|---|---|---|---|
| 003 | cru IIS | ||
| 005 | 20220217104923.0 | ||
| 008 | 220217b |||||||| |||| 00| 0 spa d | ||
| 040 | |c cru IIS | ||
| 245 | |a Tabla de contenidos: |b volumen 48, 1990 | ||
| 505 | |a Contenido: 1.El Salvador: ayuda militar podría definir rumbo de conflicto armado. -- 2.Señalan al ejército salvadoreño mayor número de violaciones de derechos humanos. -- 3.Honduras: gobierno lucha por controlar crisis económica. -- 4.Guatemala: siguen los atentados políticos. -- 5.Costa Rica: paros y huelgas por alto costo de la vida. -- 6.Región: nuevo tipo de relaciones con México. | ||
| 773 | 0 | |0 42570 |9 4588 |a Universidad de Costa Rica |d San José, Costa Rica CSUCA; Universidad de Costa Rica, 1988- |o MFN: 0542 |t Centroamérica Hoy/ | |
| 942 | |2 ddc |c PP | ||
| 999 | |c 44101 |d 44101 | ||
